000 00619nam a2200217Ii 4500
003 JO-AjNU
008 230605s9999||||xx |||||||||||||| ||und||
017 _a1965/8/94
040 _aJO-AjNU
_bara
_erda
_cJO-AjNU
041 _aara
050 1 4 _aHD57.7.1965
100 3 _aالشكرجي، محمود,
_eauthor
_939405
245 0 0 _aالهندسة الادارية
250 _aط1
264 3 1 _aبيروت:منشورات عويدات،1965
300 _a535ص
336 _atext
_btxt
_2rdacontent
337 _aunmediated
_bn
_2rdamedia
338 _avolume
_bnc
_2rdacarrier
650 4 _aالادارة
_939406
999 _aA16639
_c20207
_d20207